|
|
|
|
| LEADER |
00000cam a2200000 a 4500 |
| 001 |
66746 |
| 003 |
CZ-ZlUTB |
| 005 |
20240829152113.0 |
| 007 |
ta |
| 008 |
060602s2007 gw a m 000 0 eng |
| 020 |
|
|
|a 9783798320642
|q (brož.)
|
| 040 |
|
|
|a SzZuIDS NEBIS ETH-BIB
|b cze
|d ZLD002
|
| 041 |
0 |
|
|a eng
|b ger
|
| 072 |
|
7 |
|a 678
|x Průmysl makromolekulárních látek. Gumárenský průmysl. Průmysl plastů
|2 Konspekt
|9 19
|
| 080 |
|
|
|a 678.7/.8:54-143
|2 MRF
|
| 080 |
|
|
|a 532.135
|2 MRF
|
| 080 |
|
|
|a 532.13+539.3
|2 MRF
|
| 080 |
|
|
|a 539.19
|2 MRF
|
| 080 |
|
|
|a 539.199
|2 MRF
|
| 080 |
|
|
|a 519.673
|2 MRF
|
| 080 |
|
|
|a (048.8)
|2 MRF
|
| 080 |
|
|
|a (043.3)378.245
|2 MRF
|
| 100 |
1 |
|
|a Rólon Garrido, Victor Hugo,
|d 1979-
|7 utb2012730443
|4 aut
|
| 245 |
1 |
0 |
|a Molecular structure and constitutive modeling of polymer melts /
|c Victor Hugo Rólon Garrido
|
| 246 |
3 |
8 |
|a Constitutive modelling of polymer melts
|
| 260 |
|
|
|a Berlin :
|b Universitätsbibliothek, Universitätsverlag TU Berlin,
|c 2007
|
| 300 |
|
|
|a vii, 147 s. :
|b il. ;
|c 21 cm
|
| 490 |
1 |
|
|a Schriftenreihe Kunststoff-Forschung ;
|v 68
|
| 500 |
|
|
|a Původně předloženo jako autorova disertační práce na Technische Universität Berlin
|
| 504 |
|
|
|a Obsahuje bibliografii
|
| 546 |
|
|
|a Abstrakt v angličtině a němčině
|
| 650 |
0 |
7 |
|a polymerní taveniny
|7 ph606748
|2 czenas
|
| 650 |
0 |
7 |
|a reologie
|7 ph116042
|2 czenas
|
| 650 |
0 |
7 |
|a viskoelasticita
|7 ph316260
|2 czenas
|
| 650 |
0 |
7 |
|a molekuly
|7 ph122950
|2 czenas
|
| 650 |
0 |
7 |
|a fyzika polymerů
|7 ph220675
|2 czenas
|
| 650 |
0 |
7 |
|a matematické modely
|7 ph543021
|2 czenas
|
| 650 |
0 |
9 |
|a polymer melts
|2 eczenas
|
| 650 |
0 |
9 |
|a rheology
|2 eczenas
|
| 650 |
0 |
9 |
|a viscoelasticity
|2 eczenas
|
| 650 |
0 |
9 |
|a molecules
|2 eczenas
|
| 650 |
0 |
9 |
|a physics of polymers
|2 eczenas
|
| 650 |
0 |
9 |
|a mathematical models
|2 eczenas
|
| 655 |
|
7 |
|a studie
|7 fd133597
|2 czenas
|
| 655 |
|
7 |
|a doktorské disertace
|7 fd186751
|2 czenas
|
| 655 |
|
9 |
|a studies
|2 eczenas
|
| 655 |
|
9 |
|a higher doctoral dissertations
|2 eczenas
|
| 830 |
|
0 |
|a Schriftenreihe Kunststoff-Forschung
|
| 910 |
|
|
|a ZLD002
|
| 952 |
|
|
|0 0
|1 0
|4 0
|6 6785RÓLON_GARRIDOVH
|7 0
|8 BOOK
|9 120829
|a UTBZL
|b UTBZL
|c 015
|d 2013-01-24
|l 1
|m 1
|o 678.5/RÓLON GARRIDO,V.H.
|p 420010147848
|q 2028-12-21
|r 2019-08-26 00:00:00
|v 697.00
|w 2019-08-26
|x opravit signaturu | N:nákup;
|y 08
|
| 992 |
|
|
|a BK
|b SK
|d 1
|
| 999 |
|
|
|c 66746
|d 66746
|